01189nam a2200325Ic 450000100060000000300100000600500170001600700030003300800410003602000180007704000350009504100080013008200140013810000320015224501640018425000420034826400400039030000530043033600270048333700330051033800280054349000110057150000460058250000330062852100380066165000520069965000480075165000440079970000200084359494CO-BoRNBP20251021145029.0ta180815s2013 sp a g 000 0 spa  a9788434469204 aCO-BoRNBPbspaerdacCO-BoRNBP aspa04a510bA47a aAlsina, Claudi,d1952-eaut10aAsesinatos matemáticos :buna colección de errores que serían divertidos si no fuesen tan frecuentes /cClaudi Alsina ; ilustraciones de Anthony Garner. aPrimera ediciónbquinta impresión 1aBarcelona, España :bAriel,c2013 a236 páginas :bilustraciones en blanco y negro atextobtxt2rdacontent asin mediaciónbn2rdamedia avolumenbnc2rdacarrier0 aClaves aIncluye bibliografía al final del texto aIncluye índice de materias aRecomendado para público adulto07aErrores popularesvCuriosidades y enigmas2lemb07aMatemáticasvCuriosidades y enigmas2lemb04aNúmerosvCuriosidades y enigmas2LEMB aGarner, Anthony